| 000 | 01651cam a2200457 a 4500 | ||
|---|---|---|---|
| 001 | 22037 | ||
| 003 | VRT | ||
| 005 | 20260318092150.0 | ||
| 008 | 251031s2007 xo d 000 f slo | ||
| 015 | _aSNBA2008/04-01688 | ||
| 020 |
_a9788055115771 _q( viaz.) |
||
| 035 | _aCA208A32-CFD9-4514-82FA-72706671F615 | ||
| 035 | _aurn:nbn:sk:snk-amlg0b | ||
| 035 | _aurn:nbn:sk:snk-am0093d1 | ||
| 039 | 9 |
_a202510310921 _bVLOAD _c202403181916 _dVLOAD _c202301120743 _dmsnk170 _c202109171155 _dAUTHORITY |
|
| 040 |
_aPPPK _bslo _cPPPK _dSNK _eAACR2 |
||
| 041 | 1 |
_aslo _heng |
|
| 044 |
_axo _cSK |
||
| 072 | 7 |
_a821.111(73)-3 _xAmerická próza _2konspekt |
|
| 080 |
_a821.111(73)-31 _22001 |
||
| 080 |
_a(0:82-312.4) _22001 |
||
| 100 | 1 |
_aBerry, Steve, _d1955- _4aut |
|
| 240 | 1 | 0 |
_aAlexandria link _lSlovensky |
| 245 | 1 | 0 |
_aAlexandrijská stopa _cSteve Berry ; [z anglického originálu preložil Oto Havrila] |
| 250 | _a[1. vyd.] | ||
| 260 |
_aBratislava _bIkar _c2007 |
||
| 300 |
_a414 s. _c21 cm |
||
| 655 | 7 |
_aamerické romány _2SNKPH |
|
| 655 | 7 |
_atrilery (romány) _2SNKPH |
|
| 655 | 7 |
_aumelecká literatúra _2SNKPH |
|
| 700 | 1 |
_aHavrila, Otto, _d1963- _4trl |
|
| 942 |
_2ddc _cKLDO _n0 |
||
| 949 |
_63869A19216 _abpksh821.111(73)-31 _bbpksh54923 |
||
| 949 |
_6270001000318345 _asvkbbA 121550 _bsvkbbm 690093* _oTL; |
||
| 949 |
_62889135264 _asavukPV 11150 _bsavuk2007/4324 |
||
| 949 |
_617A0576020 _asnkSC 130415 _bsnk2008/875 _o2656/07 _s6100:20151111 |
||
| 949 |
_617A0596970 _asnkSC 130415 D1 _bsnk2008/16170 _o2656/07 |
||
| 949 |
_6273K0498330 _asvkpoA 199727 _bsvkpo499717 |
||
| 980 | _a821.111(73)-31 | ||
| 999 |
_c22037 _d22037 |
||